01061nam a2200205 a 450000100100000000500170001000800410002704000250006808200170009311001550011024501310026526000500039630000200044665000510046670000220051771000640053971000660060371000800066971001060074900000358920200929150507.0090711s2000 dr r 000 0 spa d aDO-SdBNPbspacBNPHU axxxxxbR426c1 aRepública Dominicana.bComisión Nacional de Seguimientos a los Acuerdos de la Conferencia de las Naciones Unidas sobre Medio Ambiente y Desarrollo10aConvenio sobre la diversidad biología y su protocolo de cartagena sobre seguridad de la biotecnología /cFernando Mangual. aSanto Domingo :bConsejo de la Tierra,c2000. a96 p. ;c21 cm. 4aDiversidad biologícazRepública Dominicana1 aMangual, Fernando1 aRepública Dominicana.bComisión Nacional de Seguimiento1 aRepública Dominicana.bFondo para el Medio Ambiente Mundial1 aRepública Dominicana.bPrograma de las Naciones Unidas para el Desarrollo1 aRepública Dominicana.bSecretariado Técnico de la Presidencia Oficina Nacional de Planificación